| 000 | 00493nam a22001697a 4500 | ||
|---|---|---|---|
| 999 |
_c8360 _d8360 |
||
| 008 | 201117b ||||| |||| 00| 0 eng d | ||
| 040 | _aBMS College of Architecture | ||
| 100 | _aPavithra,T | ||
| 245 | _aFashion hub | ||
| 300 | _aNA | ||
| 500 | _a1BM15AT065 | ||
| 502 |
_8B,Arch _NBMS College of Architecture, Visvesvaraya Technological University (VTU) _aProject report _d2019 |
||
| 650 | _aFashion | ||
| 700 |
_aYogesheari K _eGuide |
||
| 700 |
_aLakshmy Poorna _eGuide |
||
| 942 |
_2ddc _cTHE |
||